| 000 | 00364 a2200145 4500 | ||
|---|---|---|---|
| 005 | 20250314140411.0 | ||
| 020 | _a0-02-395810-3 | ||
| 082 | _a338.5 PIN | ||
| 100 | _aPINDYCK, R. S. | ||
| 245 | _aMicroeconomics | ||
| 260 |
_aNew York, _bMacmillan, _c1989. |
||
| 300 |
_axx, 668p.: ill,; figure, graph, _bIndex, _c24cm. |
||
| 700 | _aRUBINFELD, D. L. | ||
| 942 |
_2ddc _cBKS |
||
| 999 |
_c637 _d637 |
||